[Event "European Blitz 2022"]
[Site "Katowice POL"]
[Date "2022.12.16"]
[Round "18.72"]
[White "Redzisz, Michal"]
[Black "Kacprzak, Karol"]
[Result "0-1"]
[WhiteTitle "FM"]
[WhiteElo "2260"]
[BlackElo "2226"]
[WhiteFideId "21816107"]
[BlackFideId "21819327"]
[EventDate "2022.12.16"]

1. d4 Nf6 2. c4 e6 3. g3 c5 4. d5 exd5 5. cxd5 d6 6. Nc3 Be7 7. Bg2 O-O 8. Nf3
Re8 9. O-O Bf8 10. Bf4 Na6 11. Nd2 Rb8 12. a4 Nb4 13. Re1 b6 14. Nc4 Ba6 15. Nb5
Bxb5 16. axb5 Qd7 17. e4 Rbd8 18. Qa4 Nd3 19. Re3 Nxf4 20. gxf4 Nh5 21. f5 Rb8
22. Qxa7 Qxb5 23. Qa6 Qb4 24. Ra4 Ra8 25. Rxb4 Rxa6 26. Rxb6 Ra1+ 27. Bf1 Rd8
28. f3 g6 29. fxg6 hxg6 30. Ra3 Rd1 31. Rd3 Rc1 32. Rd2 Bh6 33. Rg2 Bg7 34. h3
Bd4+ 35. Kh2 0-1

[Event "European Blitz 2022"]
[Site "Katowice POL"]
[Date "2022.12.16"]
[Round "18.73"]
[White "Herega, Nejc"]
[Black "D'Costa, Lorin"]
[Result "0-1"]
[BlackTitle "IM"]
[WhiteElo "2164"]
[BlackElo "2375"]
[WhiteFideId "14634058"]
[BlackFideId "409219"]
[EventDate "2022.12.16"]

1. Nf3 Nf6 2. c4 e6 3. d4 b6 4. g3 Ba6 5. Qc2 Bb7 6. Bg2 c5 7. dxc5 Bxc5 8. O-O
Be7 9. b3 d6 10. Bb2 Nbd7 11. Nc3 a6 12. Rad1 Qc7 13. Qb1 O-O 14. Rd2 Rac8 15.
a4 Nc5 16. Qa2 d5 17. cxd5 Nxd5 18. Nxd5 Bxd5 19. Be5 Qb7 20. Rb1 Rfd8 21. Bd4
b5 22. Bxc5 Bxc5 23. axb5 Qxb5 24. Qb2 Bb4 25. Rc2 Rxc2 26. Qxc2 Qb7 27. Rd1 Rc8
28. Qb1 Be7 29. Rd3 Be4 30. Ne1 Bxd3 31. Bxb7 Bxb1 32. Bxc8 a5 33. Bd7 Kf8 34.
Bb5 Bb4 35. Nf3 Ke7 36. Ne5 Bc3 37. Nc4 f6 38. Kf1 Bc2 39. Ba4 e5 40. f3 Ke6 41.
Kf2 Bd4+ 42. e3 Bc3 43. Ke2 h5 44. h3 g5 45. g4 h4 46. Nd2 Kd5 47. e4+ Kc5 48.
Nc4 Kd4 49. Nd6 Bd3+ 50. Kf2 Bb4 51. Ne8 Be7 52. Nc7 Kc5 53. Nd5 Bd8 54. Ke3 Bf1
55. Kf2 Ba6 56. Ke3 Bf1 57. Kf2 Bxh3 58. Ne3 Kd4 59. Nd1 Bb6 60. Ke2 Bg2 61. Ne3
Bh3 62. Nd1 Bg2 63. Ne3 h3 64. Nxg2 h2 65. Ne3 h1=Q 0-1

[Event "European Blitz 2022"]
[Site "Katowice POL"]
[Date "2022.12.16"]
[Round "18.74"]
[White "Cyfka, Karina"]
[Black "Sliwicka, Alicja"]
[Result "0-1"]
[WhiteTitle "IM"]
[BlackTitle "WIM"]
[WhiteElo "2348"]
[BlackElo "2284"]
[WhiteFideId "1122681"]
[BlackFideId "1150677"]
[EventDate "2022.12.16"]

1. d4 Nf6 2. c4 g6 3. Nc3 d5 4. cxd5 Nxd5 5. Bd2 Nb6 6. Bf4 Bg7 7. Nf3 O-O 8. e3
Bf5 9. h3 Nd5 10. Be5 Nxc3 11. bxc3 Nd7 12. Bxg7 Kxg7 13. Bd3 Bxd3 14. Qxd3 e5
15. O-O Re8 16. Qb5 e4 17. Nd2 Nb6 18. c4 c6 19. Qb2 Qe7 20. Rab1 Rab8 21. c5
Nd5 22. Nc4 f5 23. Qa3 f4 24. exf4 Nxf4 25. Rbe1 Nd3 26. Re3 Qg5 27. Nd6 Nf4 28.
Nxe8+ Rxe8 29. Rg3 Ne2+ 30. Kh1 Nxg3+ 31. Qxg3 Qxg3 32. fxg3 Rd8 33. Rd1 b6 34.
cxb6 axb6 35. Kg1 c5 36. d5 Kf6 37. Rb1 Rd6 38. Kf2 Ke5 39. Ke3 Kxd5 40. g4 Ke5
41. Ke2 c4 42. Rb5+ Kd4 43. Rb1 c3 44. Rd1+ Kc5 45. Rc1 Kc4 46. Ke3 Re6 47. h4
b5 48. h5 g5 49. Rf1 b4 50. Rf8 Rc6 51. Rf1 b3 52. axb3+ Kxb3 53. Kxe4 c2 54.
Kf5 h6 55. Re1 Kb2 56. Re2 Kb1 0-1

[Event "European Blitz 2022"]
[Site "Katowice POL"]
[Date "2022.12.16"]
[Round "18.75"]
[White "Orzech, Dominik"]
[Black "Marczuk, Dominik"]
[Result "1-0"]
[WhiteTitle "IM"]
[BlackTitle "FM"]
[WhiteElo "2313"]
[BlackElo "2253"]
[WhiteFideId "1115065"]
[BlackFideId "1111264"]
[EventDate "2022.12.16"]

1. d4 Nf6 2. Nf3 g6 3. c4 Bg7 4. Nc3 O-O 5. Bg5 d6 6. e3 Nbd7 7. Be2 h6 8. Bh4
e5 9. Qc2 Re8 10. O-O c6 11. Rfd1 g5 12. Bg3 e4 13. Nd2 Qe7 14. b4 Nf8 15. d5
Ng6 16. Rac1 cxd5 17. cxd5 Bd7 18. Nc4 Ne5 19. Bxe5 dxe5 20. d6 Qe6 21. Nxe4
Nxe4 22. Qxe4 Bc6 23. Qb1 Rad8 24. e4 Bb5 25. Qb3 Bf8 26. a4 Bxc4 27. Bxc4 Qf6
28. Rd3 Qg6 29. Rf3 Rd7 30. Bb5 Qxd6 31. Bxd7 Qxd7 32. Rd1 Qe7 33. h3 Qxb4 34.
Qxf7+ 1-0

[Event "European Blitz 2022"]
[Site "Katowice POL"]
[Date "2022.12.16"]
[Round "18.76"]
[White "Povilaitis, Tomas"]
[Black "Walter, Szymon"]
[Result "1/2-1/2"]
[BlackTitle "FM"]
[WhiteElo "2038"]
[BlackElo "2327"]
[WhiteFideId "12811700"]
[BlackFideId "1172590"]
[EventDate "2022.12.16"]

1. e4 c5 2. Nc3 Nc6 3. Bb5 Nd4 4. Bc4 e6 5. Nge2 Ne7 6. d3 Nec6 7. O-O Be7 8. f4
d6 9. a4 O-O 10. Nxd4 Nxd4 11. Ne2 Bf6 12. c3 Nc6 13. Qe1 d5 14. Ba2 Rb8 15. Qg3
a6 16. f5 dxe4 17. dxe4 exf5 18. exf5 b5 19. Bf4 Rb7 20. axb5 axb5 21. Bd6 Re8
22. Bd5 Bh4 23. Qf3 Qxd6 24. Bxc6 Rbe7 25. Bxe8 Rxe8 26. Ra8 h6 27. Qg4 Bg5 28.
h4 Be3+ 29. Kh1 Kh7 30. Rxc8 Rxc8 31. f6 Rg8 32. Qe4+ g6 33. Qxe3 Qd5 34. Qf3
Qc4 35. Nf4 Rd8 36. Qe2 Qxe2 37. Nxe2 Rd2 38. Ng3 Rxb2 39. Ne4 b4 40. Nxc5 bxc3
41. Rc1 c2 42. Kh2 Rb4 43. Rxc2 Rxh4+ 44. Kg3 Rd4 45. Rc3 g5 46. Rf3 Kg6 47. Nd3
Rd5 48. Nf2 h5 49. Ne4 Re5 50. Nd6 Re6 51. Nc4 h4+ 52. Kf2 Rxf6 53. Rxf6+ Kxf6
54. Ne3 Ke5 55. Ng4+ Kf4 56. Ne3 f5 57. Nd5+ Ke5 58. Ne3 Ke4 59. Nc4 g4 60. Nd2+
Kf4 61. Nf1 g3+ 62. Kg1 Kg4 63. Ne3+ Kf4 64. Nd5+ Kg4 65. Nf6+ Kg5 66. Nd5 Kg4
67. Nf6+ Kg5 68. Nh7+ Kg4 69. Nf6+ Kg5 70. Nd7 Kg4 71. Ne5+ Kf4 72. Ng6+ Kg4 73.
Ne5+ Kf4 74. Nd3+ Kg4 75. Ne1 h3 76. gxh3+ Kxh3 1/2-1/2

[Event "European Blitz 2022"]
[Site "Katowice POL"]
[Date "2022.12.16"]
[Round "18.77"]
[White "Baum, Jonasz"]
[Black "Ulasevich, Sergei"]
[Result "1-0"]
[WhiteTitle "IM"]
[BlackTitle "CM"]
[WhiteElo "2420"]
[BlackElo "2236"]
[WhiteFideId "1195360"]
[BlackFideId "13505629"]
[EventDate "2022.12.16"]

1. e4 c5 2. Nf3 Nc6 3. Nc3 g6 4. d4 cxd4 5. Nxd4 Bg7 6. Nb3 Nf6 7. Be2 O-O 8.
O-O d6 9. Re1 Bd7 10. Bf1 a6 11. Bg5 b5 12. Nd5 Ne8 13. c3 Nc7 14. Nd4 Re8 15.
Nc2 Ne6 16. Bh4 Rb8 17. Qd2 Ne5 18. a3 Nc4 19. Qc1 Nc5 20. Nd4 Ne5 21. Qd1 Bg4
22. f3 Be6 23. b4 Na4 24. f4 Bxd5 25. exd5 Nc4 26. Nc6 Nxc3 27. Qd3 Qc7 28. Nxb8
Qxb8 29. Rac1 Na4 30. Qf3 Nab6 31. Kh1 Qb7 32. Bf2 Qxd5 33. Qxd5 Nxd5 34. Bxc4
bxc4 35. Rxc4 e5 36. fxe5 dxe5 37. Rc6 Ra8 38. Rd1 Nf4 39. g3 Ne6 40. Rd7 Nd4
41. Rcd6 Nb5 42. Rd8+ Rxd8 43. Rxd8+ Bf8 44. Bc5 1-0

[Event "European Blitz 2022"]
[Site "Katowice POL"]
[Date "2022.12.16"]
[Round "18.78"]
[White "Kulon, Klaudia"]
[Black "Szczurek, Krzysztof"]
[Result "0-1"]
[WhiteTitle "IM"]
[BlackTitle "FM"]
[WhiteElo "2274"]
[BlackElo "2163"]
[WhiteFideId "1131044"]
[BlackFideId "1185489"]
[EventDate "2022.12.16"]

1. c4 Nf6 2. g3 g6 3. Bg2 Bg7 4. Nc3 O-O 5. e3 c6 6. e4 e5 7. Nge2 d6 8. d3 Be6
9. h3 d5 10. cxd5 cxd5 11. O-O d4 12. Nb1 Nc6 13. b3 Qd7 14. Kh2 Rfc8 15. Ba3 b5
16. Nd2 a5 17. f4 Nb4 18. Bxb4 axb4 19. Nf3 exf4 20. gxf4 Ne8 21. Qd2 Ra6 22.
Rfc1 Rca8 23. Qb2 Qa7 24. e5 Rxa2 25. Rxa2 Qxa2 26. Qxa2 Rxa2 27. Nexd4 Bd5 28.
Kg3 Bf8 29. Rc8 Ng7 30. Ne1 Nh5+ 31. Kh4 Bxg2 32. Nec2 Ng7 33. Nxb4 Ra8 34. Rxa8
Bxa8 35. Na6 Ne6 36. Ne2 b4 37. Kg3 Bd5 38. Nc1 Nd4 39. Nc7 Bxb3 40. Kf2 Bc5 41.
Ke1 Be6 42. Kd2 Bxh3 43. Nd5 Be6 44. Nf6+ Kg7 45. Ne4 Be7 46. Nf2 Nb3+ 47. Nxb3
Bxb3 48. d4 Bd5 49. Nd3 h5 50. Nf2 h4 51. Kd3 b3 52. Kc3 Be6 53. f5 gxf5 54. Nh3
Kh6 55. Kb2 Kh5 56. d5 Bc8 57. Nf2 f4 58. d6 Bd8 59. Kxb3 h3 60. Kc3 Kh4 61. Nh1
Bb6 62. Kc4 Bb7 63. d7 Bxh1 0-1

[Event "European Blitz 2022"]
[Site "Katowice POL"]
[Date "2022.12.16"]
[Round "18.79"]
[White "Pidluznij, Gleb"]
[Black "Paszewski, Mateusz"]
[Result "1/2-1/2"]
[BlackTitle "FM"]
[WhiteElo "2159"]
[BlackElo "2282"]
[WhiteFideId "12817082"]
[BlackFideId "1141058"]
[EventDate "2022.12.16"]

1. d4 Nf6 2. Bg5 d5 3. Bxf6 exf6 4. e3 Bd6 5. Nd2 O-O 6. g3 c6 7. Bg2 Re8 8. Ne2
Be6 9. O-O Nd7 10. Rc1 f5 11. c4 Nf6 12. cxd5 Bxd5 13. Nc4 Bxg2 14. Kxg2 Bc7 15.
Nc3 h5 16. h4 g6 17. Qf3 Ne4 18. Rfd1 Qf6 19. Nxe4 Rxe4 20. Nd2 Re7 21. Rc2 Kg7
22. Rdc1 Rd8 23. Nb3 Bb6 24. Nc5 Bxc5 25. Rxc5 a6 26. b4 Qe6 27. R1c4 Red7 28.
a4 Rd5 29. Rxd5 Rxd5 30. Rc5 Rxc5 31. bxc5 Qa2 32. Qd1 Kf6 33. Kf3 Ke6 34. Kg2
Kf6 35. Kf3 Ke6 36. a5 Kf6 37. Qe1 Qd5+ 38. Ke2 Qa2+ 39. Kf3 Ke6 40. Qb4 Qd5+
41. Ke2 Qd7 42. Qb6 1/2-1/2

[Event "European Blitz 2022"]
[Site "Katowice POL"]
[Date "2022.12.16"]
[Round "18.80"]
[White "Kruckenhauser, Arthur"]
[Black "Pacuszka, Tomasz"]
[Result "1/2-1/2"]
[WhiteTitle "FM"]
[BlackTitle "FM"]
[WhiteElo "2339"]
[BlackElo "2186"]
[WhiteFideId "1642812"]
[BlackFideId "1119036"]
[EventDate "2022.12.16"]

1. e4 c6 2. Nf3 d5 3. Nc3 Bg4 4. h3 Bxf3 5. Qxf3 e6 6. d4 Nf6 7. Be2 Be7 8. O-O
dxe4 9. Nxe4 Qxd4 10. Nxf6+ Qxf6 11. Qb3 b6 12. a4 O-O 13. Bf3 e5 14. a5 Nd7 15.
Be3 Rab8 16. Qc3 c5 17. axb6 axb6 18. Ra7 Rfd8 19. Re1 Nf8 20. Bc1 Bd6 21. Bd5
Ne6 22. Qc4 b5 23. Qg4 Re8 24. Be3 c4 25. Rea1 Rf8 26. Bxe6 Qxe6 27. Qxe6 fxe6
28. Rd7 Rbd8 29. Raa7 Rxd7 30. Rxd7 Bb8 31. Rb7 h6 32. Rxb5 Rc8 33. Rb7 Kh7 34.
f3 Kg6 35. Kf2 Bd6 36. g4 Bc5 37. h4 Kf6 38. Ke2 Bd4 39. c3 Bc5 40. Bxc5 Rxc5
41. Ke3 Rd5 42. Rb4 Rd3+ 43. Ke2 e4 44. fxe4 Ke5 45. Rxc4 Rh3 46. b4 Rxh4 47. b5
Rh2+ 48. Kd3 Rb2 49. Rc5+ Kd6 50. Kc4 g6 51. Rc6+ Kd7 52. e5 h5 53. gxh5 gxh5
54. Rd6+ Ke7 55. Kc5 h4 56. Rd4 h3 57. Rh4 h2 58. c4 Kf7 59. b6 Kg6 60. Kc6 Kg5
61. Rh8 Kf5 62. b7 Kxe5 63. Kc7 Kd4 64. Rh4+ Kc5 65. b8=Q Rxb8 66. Kxb8 e5 67.
Kc7 e4 68. Rxh2 Kxc4 69. Kd6 Kd3 70. Kd5 e3 71. Rh3 Kd2 72. Kd4 e2 73. Rd3+ Kc1
74. Rc3+ Kd2 75. Rd3+ Kc1 76. Re3 Kd2 77. Rd3+ 1/2-1/2

[Event "European Blitz 2022"]
[Site "Katowice POL"]
[Date "2022.12.16"]
[Round "18.81"]
[White "Berend, Elvira"]
[Black "Hulka, Valentyn"]
[Result "0-1"]
[WhiteTitle "WGM"]
[BlackTitle "CM"]
[WhiteElo "2318"]
[BlackElo "2222"]
[WhiteFideId "4000510"]
[BlackFideId "34107061"]
[EventDate "2022.12.16"]

1. e4 c5 2. Nf3 Nc6 3. Bb5 Nf6 4. e5 Nd5 5. O-O g6 6. c3 Bg7 7. d4 cxd4 8. cxd4
O-O 9. Nc3 Nxc3 10. bxc3 d6 11. exd6 Qxd6 12. h3 a6 13. Bd3 Be6 14. Re1 Rac8 15.
a4 Bf6 16. Ba3 Qd7 17. Be4 Bd5 18. Bd3 Na5 19. Ne5 Qc7 20. Bb4 Nc6 21. Nxc6 Qxc6
22. Qg4 Rfe8 23. Bf1 e5 24. dxe5 Rxe5 25. Qf4 Rce8 26. Rxe5 Bxe5 27. Qd2 Be6 28.
a5 Rc8 29. Rc1 Kg7 30. Qe3 Bf6 31. Qf4 Rd8 32. Re1 Rc8 33. Re3 h6 34. h4 Qd5 35.
Rf3 Be5 36. Qe3 Rd8 37. Qb6 Qd1 38. Re3 Bf6 39. Rxe6 fxe6 40. Qxb7+ Rd7 41. Qxa6
Bxh4 42. Qxe6 Rf7 43. g3 Qf3 44. Qe2 Qxe2 45. Bxe2 Bd8 46. a6 Bb6 47. Bc4 Rxf2
48. Kh1 Rf3 49. Kg2 Rf2+ 50. Kh3 h5 51. Bd6 g5 52. Be5+ Kh6 53. g4 Rf3+ 54. Kg2
hxg4 55. Bd5 Rf5 56. Bd4 Bxd4 57. Be4 Rf2+ 58. Kg3 Ba7 0-1

[Event "European Blitz 2022"]
[Site "Katowice POL"]
[Date "2022.12.16"]
[Round "18.82"]
[White "Gumula, Daniel"]
[Black "Ternault, Mathieu"]
[Result "0-1"]
[WhiteTitle "FM"]
[BlackTitle "FM"]
[WhiteElo "2146"]
[BlackElo "2351"]
[WhiteFideId "1123122"]
[BlackFideId "20641532"]
[EventDate "2022.12.16"]

1. d4 Nc6 2. Nf3 d6 3. g3 e5 4. Bg2 e4 5. Nfd2 f5 6. e3 Nf6 7. c4 Bd7 8. a3 a5
9. Nc3 g6 10. Rb1 Bg7 11. b4 axb4 12. axb4 Ne7 13. Bb2 O-O 14. Qb3 Kh8 15. Ne2
c6 16. h4 Be6 17. Nf4 Bf7 18. h5 gxh5 19. Ke2 b5 20. Qc2 bxc4 21. Nxc4 Ned5 22.
Na5 Nxb4 23. Nxc6 Nxc2 24. Nxd8 Rfxd8 25. Rhc1 Ba2 0-1

[Event "European Blitz 2022"]
[Site "Katowice POL"]
[Date "2022.12.16"]
[Round "18.83"]
[White "Karas, Marek"]
[Black "Bergsson, Stefan"]
[Result "1-0"]
[WhiteTitle "FM"]
[WhiteElo "2240"]
[BlackElo "2172"]
[WhiteFideId "14928558"]
[BlackFideId "2301393"]
[EventDate "2022.12.16"]

1. e4 c5 2. Nc3 a6 3. g3 b5 4. Bg2 Bb7 5. d3 d6 6. Nge2 Nd7 7. Be3 Qc7 8. Qd2
Ngf6 9. h3 e6 10. O-O h5 11. Bg5 Be7 12. f4 Rc8 13. Kh2 b4 14. Nd1 a5 15. Ne3
Nb6 16. b3 d5 17. exd5 Nbxd5 18. Nc4 Nh7 19. Bxe7 Nxe7 20. Bxb7 Rd8 21. Bg2 Nf5
22. Ne3 Nh6 23. Kh1 Nf6 24. Rae1 Kf8 25. Ng1 Nhg4 26. Nf3 Nh6 27. Ne5 Rd4 28.
N3c4 h4 29. g4 Nd5 30. Ne3 Nc3 31. N3c4 Kg8 32. a3 g6 33. axb4 axb4 34. Ra1 Kg7
35. Nc6 Nxg4 36. Nxd4 cxd4 37. Qe1 Nh6 38. Qe5+ Qxe5 39. fxe5 Nf5 40. Kh2 Rh5
41. Nd6 Rg5 42. Nxf5+ gxf5 43. Bf3 f4 44. Rg1 Rg3 45. Rxg3+ fxg3+ 46. Kg2 Kh6
47. Ra7 Kg7 48. Rb7 Na2 49. Rd7 Nc3 50. Rxd4 Nb5 51. Rg4+ Kf8 52. Rxh4 Nc3 53.
Rxb4 1-0

[Event "European Blitz 2022"]
[Site "Katowice POL"]
[Date "2022.12.16"]
[Round "18.84"]
[White "Bazilius, Augustinas"]
[Black "Gvetadze, Sofio"]
[Result "1-0"]
[BlackTitle "IM"]
[WhiteElo "2118"]
[BlackElo "2298"]
[WhiteFideId "12832251"]
[BlackFideId "13601440"]
[EventDate "2022.12.16"]

1. d4 Nf6 2. c4 g6 3. Nf3 c5 4. g3 Bg7 5. Bg2 O-O 6. O-O cxd4 7. Nxd4 d6 8. Nc3
a6 9. b3 Qc7 10. Bb2 Nbd7 11. Rc1 Rb8 12. e4 Nc5 13. Re1 Bg4 14. f3 Bc8 15. Nd5
Nxd5 16. exd5 a5 17. Nb5 Qb6 18. Bxg7 Kxg7 19. Qd4+ Kg8 20. Rxe7 Bf5 21. Rce1
Qd8 22. Qf6 Nd3 23. R1e3 Rc8 24. g4 Nf4 25. gxf5 a4 26. Qxd6 Qa5 27. Qxf4 1-0

[Event "European Blitz 2022"]
[Site "Katowice POL"]
[Date "2022.12.16"]
[Round "18.85"]
[White "Brilej, Jaka"]
[Black "Ribeiro, Gustavo"]
[Result "1-0"]
[WhiteTitle "FM"]
[WhiteElo "2336"]
[BlackElo "1836"]
[WhiteFideId "14618818"]
[BlackFideId "1941852"]
[EventDate "2022.12.16"]

1. d4 g6 2. e4 Bg7 3. Nc3 c5 4. Nf3 cxd4 5. Nxd4 Nc6 6. Be3 d6 7. Qd2 Nf6 8. f3
O-O 9. g4 Ne5 10. O-O-O Bd7 11. h4 Rc8 12. h5 Re8 13. hxg6 fxg6 14. g5 Nh5 15.
f4 Nc4 16. Bxc4+ Rxc4 17. e5 dxe5 18. Ne6 Bxe6 19. Qxd8 Rxd8 20. Rxd8+ Kf7 21.
fxe5 Bxe5 22. Rf1+ Kg7 23. Bxa7 Bf4+ 24. Kb1 Bxg5 25. Rb8 Rc7 26. Ne4 Bf6 27.
Bb6 Rd7 28. Nc5 Rd6 29. Nxe6+ Rxe6 30. Rxb7 Ng3 31. Rd1 h5 32. a4 h4 33. a5 h3
34. a6 Re4 35. Bg1 Ra4 36. a7 Ne2 37. Bh2 Nc3+ 38. bxc3 Bxc3 39. Rb2 Bxb2 40.
Kxb2 Rxa7 41. Rd3 g5 42. Rxh3 g4 43. Rg3 Ra4 44. Kb3 Re4 45. Kc3 Kf6 46. Kd3 Kf5
47. Rg1 Ra4 48. c4 e5 49. Rf1+ Ke6 50. Re1 g3 51. Bg1 Kf5 52. c5 Ra3+ 53. Kc4
Kf4 54. c6 Ra2 55. Kd5 Rd2+ 56. Ke6 Rc2 57. Kd7 Rd2+ 58. Kc8 Rc2 59. c7 e4 60.
Kd7 Rd2+ 61. Kc6 Rc2+ 62. Bc5 g2 63. c8=Q e3 64. Qf8+ Kg4 65. Qg7+ Kh3 66. Qh7+ 1-0

[Event "European Blitz 2022"]
[Site "Katowice POL"]
[Date "2022.12.16"]
[Round "18.86"]
[White "Bochnicka, Vladimir ml."]
[Black "Zamekhovskiy, Yevgen"]
[Result "1-0"]
[WhiteTitle "FM"]
[WhiteElo "2367"]
[BlackElo "2095"]
[WhiteFideId "14943450"]
[BlackFideId "14174413"]
[EventDate "2022.12.16"]

1. e4 c6 2. d4 d5 3. e5 Bf5 4. h4 h5 5. c4 e6 6. Nc3 Ne7 7. Nf3 Nd7 8. cxd5 Nxd5
9. Bd3 Bg4 10. Nxd5 cxd5 11. Bd2 Qb6 12. Qa4 Bf5 13. Ba5 Bb4+ 14. Bxb4 Bxd3 15.
Rc1 a5 16. Ba3 Bb5 17. Qc2 Bc6 18. O-O Rc8 19. Qd2 Nf8 20. Rc3 Ng6 21. Rfc1 Kd7
22. Ng5 Bb5 23. Nxf7 Bc4 24. Qg5 Nf8 25. Qe7+ Kc6 26. Nxh8 Qxd4 27. Qd6+ Kb5 28.
b3 Ng6 29. bxc4+ Ka4 30. Qd7+ Rc6 31. cxd5 exd5 32. Rxc6 Kxa3 33. R6c3+ Kxa2 34.
Qb5 Nxh8 35. Qb1# 1-0

[Event "European Blitz 2022"]
[Site "Katowice POL"]
[Date "2022.12.16"]
[Round "18.87"]
[White "Shilov, Sergej"]
[Black "Zawadzka, Jolanta"]
[Result "1/2-1/2"]
[WhiteTitle "FM"]
[BlackTitle "WGM"]
[WhiteElo "2047"]
[BlackElo "2386"]
[WhiteFideId "14101505"]
[BlackFideId "1122320"]
[EventDate "2022.12.16"]

1. e4 c5 2. c3 d5 3. exd5 Qxd5 4. d4 Nc6 5. Nf3 Bg4 6. Be2 e6 7. c4 Qd7 8. d5
Bxf3 9. Bxf3 Nd4 10. O-O e5 11. Re1 Bd6 12. Be3 Ne7 13. Nc3 O-O 14. Bxd4 cxd4
15. Nb5 Rac8 16. Qd3 a6 17. Nxd6 Qxd6 18. a3 f5 19. Be2 b6 20. b4 Qf6 21. Qb3
Kh8 22. Rac1 Rfd8 23. Bf1 e4 24. Red1 d3 25. g3 Qd4 26. Bg2 h6 27. h4 b5 28.
cxb5 axb5 29. d6 Qxd6 30. Qf7 Rxc1 31. Rxc1 d2 32. Rd1 Nc6 33. Qxf5 Nd4 34. Qxe4
Qd7 35. Rxd2 Nf3+ 36. Bxf3 Qxd2 37. Qg6 Qd6 38. Qh5 Qd7 39. Kg2 Rf8 40. Be4 Qe6
41. Qg6 Qxg6 42. Bxg6 Ra8 43. Bd3 Rxa3 44. Bxb5 Rb3 45. Bd7 Rxb4 46. h5 Kg8 47.
Be8 Kf8 48. Bg6 Ke7 49. Kf3 Kf6 50. Ke3 Ke5 51. f4+ Kf6 52. g4 Ra4 53. Kf3 Ra1
54. Ke4 Re1+ 55. Kf3 Ke6 56. Kf2 Rc1 57. Ke3 Kd6 58. Kd4 Rg1 59. Bf5 Ke7 60. Ke5
Re1+ 61. Be4 Re2 62. Kf5 Kf8 63. g5 hxg5 64. fxg5 Rf2+ 65. Kg6 Re2 66. Bf5 Rd2
67. h6 gxh6 68. gxh6 Rd6+ 69. Kg5 Kg8 70. h7+ Kh8 71. Kh5 Rd5 72. Kg6 Rd6+ 73.
Kg5 1/2-1/2

[Event "European Blitz 2022"]
[Site "Katowice POL"]
[Date "2022.12.16"]
[Round "18.88"]
[White "Raczek, Krzysztof"]
[Black "Budzisz, Adrian"]
[Result "1-0"]
[WhiteElo "2161"]
[BlackElo "2118"]
[WhiteFideId "21005303"]
[BlackFideId "21860238"]
[EventDate "2022.12.16"]

1. c4 c6 2. Nc3 d5 3. e3 Nf6 4. Nf3 g6 5. d4 Bg7 6. b3 O-O 7. Bb2 Bf5 8. Be2
Nbd7 9. O-O Re8 10. Nh4 dxc4 11. Nxf5 gxf5 12. Bxc4 Qc7 13. h3 e5 14. dxe5 Nxe5
15. Be2 Kh8 16. Qc2 Qc8 17. Rad1 Qe6 18. Na4 Ne4 19. Nc5 Qg6 20. Rd4 Nxc5 21.
Qxc5 Bf6 22. Rd6 Rg8 23. g3 Rae8 24. Rfd1 b6 25. Qc2 Qg7 26. Qxf5 Re6 27. Rxe6
fxe6 28. Qxe6 Rf8 29. Bxe5 Bxe5 30. Bg4 h5 31. Rd7 Qg5 32. f4 1-0

[Event "European Blitz 2022"]
[Site "Katowice POL"]
[Date "2022.12.16"]
[Round "18.89"]
[White "Charkhalashvili, Inga"]
[Black "Gradalski, Olaf"]
[Result "1-0"]
[WhiteTitle "WGM"]
[WhiteElo "2273"]
[BlackElo "2079"]
[WhiteFideId "13601431"]
[BlackFideId "21840580"]
[EventDate "2022.12.16"]

1. d4 Nf6 2. c4 e6 3. Nc3 d5 4. Bg5 Be7 5. e3 a6 6. Nf3 dxc4 7. Bxc4 b5 8. Bb3
Bb7 9. O-O Nbd7 10. Rc1 O-O 11. Ne5 c5 12. Bxf6 Nxf6 13. dxc5 Bxc5 14. Nxb5 Bxe3
15. fxe3 axb5 16. Qe2 Qd6 17. Nf3 Rac8 18. Nd4 b4 19. Rfd1 Rxc1 20. Rxc1 Qe5 21.
h3 Rd8 22. Qe1 h6 23. Rd1 Rd7 24. Rc1 Ne4 25. Qxb4 Qg5 26. Qe1 Nc5 27. Rc2 Nd3
28. Qe2 Ne5 29. Rd2 Be4 30. a4 1-0

[Event "European Blitz 2022"]
[Site "Katowice POL"]
[Date "2022.12.16"]
[Round "18.90"]
[White "Zochowski, Kacper"]
[Black "Musial, Igor"]
[Result "0-1"]
[WhiteTitle "FM"]
[WhiteElo "2256"]
[BlackElo "1864"]
[WhiteFideId "1125494"]
[BlackFideId "21858110"]
[EventDate "2022.12.16"]

1. e4 d6 2. d4 g6 3. Nc3 Bg7 4. Be3 a6 5. Qd2 b5 6. a3 Bb7 7. f3 Nd7 8. O-O-O
Rc8 9. h4 h6 10. Nh3 c5 11. dxc5 Nxc5 12. Bd4 Nf6 13. Nf4 Ncd7 14. Nfd5 O-O 15.
h5 g5 16. Bxf6 Nxf6 17. Ne3 Nd7 18. Nf5 Nf6 19. Nxg7 Kxg7 20. Bd3 e5 21. Ne2 Rc6
22. Ng3 Bc8 23. Ne2 Be6 24. g3 d5 25. exd5 Qxd5 26. f4 Qa2 27. Nc3 Qa1+ 28. Nb1
Ba2 29. c3 exf4 30. gxf4 g4 31. Rhg1 Rd8 32. Qc2 Bxb1 33. Qxb1 Qxb1+ 34. Bxb1
Rxd1+ 35. Kxd1 Rc4 36. f5 Rf4 37. Ke2 Nxh5 38. Bd3 Kf6 39. Ke3 Rf3+ 40. Kd2 Nf4
41. Bc2 Kg5 42. Bd1 Rf2+ 43. Kc1 h5 44. Re1 g3 45. Re8 g2 46. Rg8+ Kf6 47. c4
bxc4 0-1

[Event "European Blitz 2022"]
[Site "Katowice POL"]
[Date "2022.12.16"]
[Round "18.91"]
[White "Domenech, Vianney"]
[Black "Kovalchuk, Victor"]
[Result "0-1"]
[WhiteElo "2249"]
[BlackElo "1602"]
[WhiteFideId "656089"]
[BlackFideId "14191334"]
[EventDate "2022.12.16"]

1. d4 d5 2. Bf4 Nf6 3. e3 e6 4. Nd2 Bd6 5. Bg3 Nbd7 6. Ngf3 Nh5 7. Be5 Qe7 8. c4
Nhf6 9. Bd3 Bxe5 10. Nxe5 Nxe5 11. dxe5 Nd7 12. Nf3 dxc4 13. Be2 b5 14. O-O Bb7
15. a4 a6 16. b3 Qc5 17. axb5 axb5 18. Rxa8+ Bxa8 19. Qa1 O-O 20. bxc4 bxc4 21.
Rc1 Bxf3 22. Bxf3 Nxe5 23. Be2 Rd8 24. h3 h6 25. Qc3 Nd3 26. Bxd3 Rxd3 27. Qxc4
Rd1+ 28. Kh2 Rxc1 0-1

[Event "European Blitz 2022"]
[Site "Katowice POL"]
[Date "2022.12.16"]
[Round "18.92"]
[White "Trzebinski, Patryk"]
[Black "Polster, Christian"]
[Result "1-0"]
[BlackTitle "FM"]
[WhiteElo "1792"]
[BlackElo "2235"]
[WhiteFideId "21839034"]
[BlackFideId "12965081"]
[EventDate "2022.12.16"]

1. e4 c5 2. Nf3 d6 3. d4 cxd4 4. Qxd4 Nc6 5. Bb5 Bd7 6. Bxc6 Bxc6 7. Nc3 Nf6 8.
Bg5 e6 9. O-O-O Be7 10. Qd3 Qa5 11. h4 Rc8 12. Nd4 a6 13. Kb1 O-O 14. f4 Rfe8
15. Bxf6 Bxf6 16. g4 Bxd4 17. Qxd4 e5 18. Qe3 b5 19. f5 b4 20. f6 h6 21. Ne2 Bb5
22. Ng3 Qc7 23. Rh2 Kh7 24. fxg7 Re6 25. Nf5 Rg6 26. h5 Rg5 27. Nxd6 Rd8 28.
Rhd2 Rxg4 29. Qf3 Rxg7 1-0